The variety of life : (Record no. 10354)
[ view plain ]
| 000 -LEADER | |
|---|---|
| fixed length control field | 03677cam a22003494a 4500 |
| 090 ## - LOCALLY ASSIGNED LC-TYPE CALL NUMBER (OCLC); LOCAL CALL NUMBER (OCLC) | |
| -- | 0 |
| 001 - CONTROL NUMBER | |
| control field | 11873010 |
| 005 - DATE AND TIME OF LATEST TRANSACTION | |
| control field | 20240818092901.0 |
| 008 - FIXED-LENGTH DATA ELEMENTS--GENERAL INFORMATION | |
| fixed length control field | 991220s2000 enk b 001 0 eng |
| 010 ## - | |
| -- | 99050043 |
| 020 ## - INTERNATIONAL STANDARD BOOK NUMBER | |
| International Standard Book Number | 0198503113 |
| 040 ## - CATALOGING SOURCE | |
| Original cataloging agency | DLC |
| Transcribing agency | DLC |
| Modifying agency | DLC |
| 042 ## - | |
| -- | pcc |
| 050 00 - LIBRARY OF CONGRESS CALL NUMBER | |
| Classification number | QH83 |
| Item number | .T84 2000 |
| 082 00 - DEWEY DECIMAL CLASSIFICATION NUMBER | |
| Classification number | 578.012 |
| Edition number | 21 |
| Item number | TUD |
| 100 1# - MAIN ENTRY--PERSONAL NAME | |
| Personal name | Tudge, Colin. |
| 245 14 - TITLE STATEMENT | |
| Title | The variety of life : |
| Remainder of title | A survey and a celebration of all the creatures that have ever lived / |
| Statement of responsibility, etc | Colin Tudge. |
| 260 ## - | |
| -- | London ; |
| -- | New York : |
| -- | Oxford University Press, |
| -- | c2000. |
| 300 ## - PHYSICAL DESCRIPTION | |
| Extent | xii, 684 p. : |
| Other physical details | ill. (some col.) ; |
| Dimensions | 29 cm. |
| 336 ## - CONTENT TYPE | |
| Source | rdacontent |
| Content type term | text |
| Content type code | txt |
| 337 ## - MEDIA TYPE | |
| Media type term | unmediated |
| Source | rdamedia |
| Media type code | n |
| 338 ## - CARRIER TYPE | |
| Carrier type term | volume |
| Carrier type code | nc |
| Source | rdacarrier |
| 504 ## - BIBLIOGRAPHY, ETC. NOTE | |
| Bibliography, etc | Includes bibliographical references (p. [629]-644). |
| 505 8# - FORMATTED CONTENTS NOTE | |
| Formatted contents note | Machine generated contents note: PART I -- THE CRAFT AND SCIENCE OF -- CLASSIFICATION -- CHAPTER I -- 'So many goodly creatures' 3 -- CHAPTER 2 -- Classification and the search for order 17 -- CHAPTER 3 -- The natural order: Darwin's dream and Hennig's solution 33 -- CHAPTER 4 -- Data 63 -- CHAPTER 5 -- Clades, grades, and the naming of parts: a plea for -- Neolinnaean Impressionism s8 -- PART II -- A SURVEY OF ALL LIVING CREATURES -- How to use this book 92 -- 1 From two kingdoms to three domains 95 -- 2 The domains of the prokaryotes 107 -- BACTERIA AND ARCHAEA -- 3 The realm of the nucleus 127 -- DOMAIN EUCARYA -- 4 Mushrooms, moulds, and lichens; rusts, smut, and rot 159 -- KINGDOM FUNGI -- 5 The animals I8s -- KINGDOM ANIMALIA -- 6 Anemones, corals, jellyfish, and sea pens 211 -- PHYLUM CNIDARIA -- 7 Clams and cockles, snails and slugs, octopuses and squids 225 -- PHYLUM MOLLUSCA -- 8 Animals withjointed legs 247 -- PHYLUM ARTHROPODA -- 9 Lobsters, crabs, shrimps, barnacles, and many more besides 269 -- SUBPHYLUM CRUSTACEA* -- 10 The insects 287 -- SUBPHYLUM INSECTA -- 11 Spiders, scorpions, mites, -- eurypterids, horseshoe crabs, and sea spiders 309 -- SUBPHYLUM CHELICERATA AND SUBPHYLUM PYCNOGONIDA -- 12 Starfish and brittle stars, -- sea urchins and sand dollars, sea lilies, sea daisies, and sea cucumbers 327 -- PHYLUM ECHINODERMATA -- 13 Sea squirts, lancelets, and vertebrates 339 -- PHYLUM CHORDATA -- 14 Sharks, rays, and chimaeras 355 -- CLASS CHONDRICHTHYES -- 15 The ray-finned fish 369 -- CLASS ACTINOPTERYGII -- 16 Lobefins andtetrapods 389 -- THE SARCOPTERYGII -- 17 The reptiles 407 -- CLASS REPTILIA* -- 18 The mammals 433 -- CLASS MAMMALIA -- 19 Lemurs, lorises, tarsiers, monkeys, and apes 461 -- ORDER PRIMATES -- 20 Human beings and our immediate relatives 489 -- FAMILY HOMINIDAE S.S. -- 21 The birds 515 -- CLASS AVES -- 22 The modern birds 529 -- SUBCLASS NEORNITHES -- 23 The plants 547 -- KINGDOM PLANTAE -- 24 The flowering plants 577 -- CLASS ANGIOSPERMAE -- 25 Daisies, artichokes, thistles, and lettuce 593 -- FAMILY COMPOSITAE (OR ASTERACEAE) -- PART III -- EPILOGUE -- Saving what is left 609 -- Sources andfurther reading 629 -- Geological timescale 645 -- General index 647 -- Index of organisms 655. |
| 650 #0 - SUBJECT ADDED ENTRY--TOPICAL TERM | |
| Topical term or geographic name as entry element | Biology |
| General subdivision | Classification. |
| 650 #0 - SUBJECT ADDED ENTRY--TOPICAL TERM | |
| Topical term or geographic name as entry element | Biodiversity. |
| 856 41 - ELECTRONIC LOCATION AND ACCESS | |
| Materials specified | Table of contents only |
| Uniform Resource Identifier | <a href="http://www.loc.gov/catdir/toc/fy02/99050043.html">http://www.loc.gov/catdir/toc/fy02/99050043.html</a> |
| 856 42 - ELECTRONIC LOCATION AND ACCESS | |
| Materials specified | Publisher description |
| Uniform Resource Identifier | <a href="http://www.loc.gov/catdir/enhancements/fy0604/99050043-d.html">http://www.loc.gov/catdir/enhancements/fy0604/99050043-d.html</a> |
| 856 42 - ELECTRONIC LOCATION AND ACCESS | |
| Materials specified | Contributor biographical information |
| Uniform Resource Identifier | <a href="http://www.loc.gov/catdir/enhancements/fy0723/99050043-b.html">http://www.loc.gov/catdir/enhancements/fy0723/99050043-b.html</a> |
| 942 ## - ADDED ENTRY ELEMENTS (KOHA) | |
| Source of classification or shelving scheme | Dewey Decimal Classification |
| Koha item type | Book - Borrowing |
| Classification part | RDA-MOD |
| Withdrawn status | Lost status | Source of classification or shelving scheme | Damaged status | Not for loan | Collection code | Home library | Current library | Shelving location | Date acquired | Source of acquisition | Cost, normal purchase price | Serial Enumeration / chronology | Total Checkouts | Total Renewals | Full call number | Barcode | Date last seen | Date checked out | Price effective from | Koha item type |
|---|---|---|---|---|---|---|---|---|---|---|---|---|---|---|---|---|---|---|---|---|
| Dewey Decimal Classification | Alahram | Central Library | Central Library | First floor | 21/01/2009 | 261.00 | 6381 | 3 | 6 | 578.012 TUD | 000015029 | 23/02/2026 | 15/02/2026 | 21/01/2009 | Book - Borrowing |